LIBRARY ONLINE CATALOGUE

Called : (Record no. 20783)

MARC details
000 -LEADER
fixed length control field 01421cam a2200325 i 4500
001 - CONTROL NUMBER
control field 18189190
003 - CONTROL NUMBER IDENTIFIER
control field OSt
005 - DATE AND TIME OF LATEST TRANSACTION
control field 20251128141238.0
008 - FIXED-LENGTH DATA ELEMENTS--GENERAL INFORMATION
fixed length control field 140616s2014 ilu 000 0 eng
010 ## - LIBRARY OF CONGRESS CONTROL NUMBER
LC control number 2014022810
020 ## - INTERNATIONAL STANDARD BOOK NUMBER
International Standard Book Number 9780830836833
Qualifying information hardcover : alk. paper
035 ## - SYSTEM CONTROL NUMBER
System control number 18189190
040 ## - CATALOGING SOURCE
Original cataloging agency DLC
Language of cataloging eng
Transcribing agency DLC
Description conventions rda
Modifying agency DLC
042 ## - AUTHENTICATION CODE
Authentication code pcc
050 00 - LIBRARY OF CONGRESS CALL NUMBER
Classification number BV4501.3
Item number .L327 2014
082 00 - DEWEY DECIMAL CLASSIFICATION NUMBER
Classification number 248.4
Edition number 23
100 1# - MAIN ENTRY--PERSONAL NAME
Personal name Labberton, Mark,
Dates associated with a name 1953-
245 10 - TITLE STATEMENT
Title Called :
Remainder of title the crisis and promise of following Jesus today /
Statement of responsibility, etc. Mark Labberton.
264 #1 - PRODUCTION, PUBLICATION, DISTRIBUTION, MANUFACTURE, AND COPYRIGHT NOTICE
Place of production, publication, distribution, manufacture Downers Grove :
Name of producer, publisher, distributor, manufacturer IVP Books/an imprint InterVarsity Press,
Date of production, publication, distribution, manufacture, or copyright notice [2014]
300 ## - PHYSICAL DESCRIPTION
Extent 174 pages ;
Dimensions 19 cm
336 ## - CONTENT TYPE
Content type term text
Content type code txt
Source rdacontent
337 ## - MEDIA TYPE
Media type term unmediated
Media type code n
Source rdamedia
338 ## - CARRIER TYPE
Carrier type term volume
Carrier type code nc
Source rdacarrier
504 ## - BIBLIOGRAPHY, ETC. NOTE
Bibliography, etc Includes bibliographical references.
505 0# - FORMATTED CONTENTS NOTE
Formatted contents note A life abundant -- Called to flourish -- A lost church in a lost world -- The primary call -- Relocating: where are we called? -- Reorienting: how are we called? -- Refocusing: to whom and to what are we called? -- The way of the beloved -- The way of wisdom -- The way of suffering -- So, what does God call me to do? -- First things, light and salt.
650 #0 - SUBJECT ADDED ENTRY--TOPICAL TERM
Topical term or geographic name as entry element Christian life.
906 ## - LOCAL DATA ELEMENT F, LDF (RLIN)
a 7
b cbc
c orignew
d 1
e ecip
f 20
g y-gencatlg
942 ## - ADDED ENTRY ELEMENTS (KOHA)
Source of classification or shelving scheme Library of Congress Classification
Koha item type General Collection
Holdings
Withdrawn status Lost status Source of classification or shelving scheme Not for loan Home library Current library Shelving location Date acquired Source of acquisition Inventory number Total Checkouts Full call number Barcode Date last seen Copy number Price effective from Koha item type
    Library of Congress Classification   Kabarak, Main Campus Kabarak, Main Campus General Stacks 28/11/2025 Donation 2025/3069   BV4501.3 .L327 2014 C.1 39236 28/11/2025 C.1 28/11/2025 General Collection